000 00588nam a2200229Ia 4500
003 OSt
005 20220918200912.0
006 a|||||r|||| 00| 0
007 ta
008 220917b |||||||| |||| 00| 0 eng d
024 _a90,737
037 _cTextual
040 _aARTS
_cARTS
_beng
041 _2eng
_aeng
082 _aU8:67:N5, J51(906)
100 _aNEWMAN Bernard
_995958
245 0 _aNorth African journey
260 _aNA
_bNA
_c1955
650 _aGEOGRAPHY
942 _hU8:67:N5, J51(906)
_cTEXL
_2CC
999 _c214398
_d214398